00465nam a2200181Ia 450000500170000000800410001704000190005804100120007708200170008910000210010624500410012725000120016826000320018030000240021265000190023665100180025585000100027320231108121003.0131103s9999 xx 000 0 und d aLoreto College aEnglish a796.522bAHL aAhluwalia,H.P.S. aHigher Than EverestcH.P.S.Ahluwalia a4th ed. aNew DelhibVikas Pub.c1975 ax,222,v.p.b illus. aMountaineering aOutdoor Games aLCLIB